Normal view
MARC view
- التعليم - جوانب اجتماعية - علم اجتماع تربوي - تغيير اجتماعي
Entry Topical Term
001 - CONTROL NUMBER
- control field: 17405
003 - CONTROL NUMBER IDENTIFIER
- control field: JO-AjAnu
005 - DATE AND TIME OF LATEST TRANSACTION
- control field: 20230606073056.0
008 - FIXED-LENGTH DATA ELEMENTS
- fixed length control field: 230606|| aca||aabn | a|a d
040 ## - CATALOGING SOURCE
- Original cataloging agency: JO-AjAnu
- Transcribing agency: JO-AjAnu
150 ## - HEADING--TOPICAL TERM
- Topical term or geographic name entry element: التعليم - جوانب اجتماعية - علم اجتماع تربوي - تغيير اجتماعي
670 ## - SOURCE DATA FOUND
- Source citation: Work cat.: (JO-AjAnu)8936: إعداد حبيب، كرم، اشراف منصور حسين, author 17404, التعليم والتغير الثقافي